| 000 | 00682nam a2200205 4500 | ||
|---|---|---|---|
| 001 | 112289 | ||
| 003 | ES-MaACL | ||
| 005 | 20250918063031.0 | ||
| 007 | t| | ||
| 008 | 061121s1942 sp r ||||1| spa d | ||
| 100 | 1 |
_aRibadeneira, Pedro de, _d1527-1611 _9147986 |
|
| 245 | 1 | 0 |
_aAntología / _cP. Pedro de Rivadeneyra ; selección y prólogo de Manuel Muñoz Cortés. |
| 260 |
_aMadrid : _bEdiciones Fe, _c1942. |
||
| 300 |
_a145 p. ; _c17 cm. |
||
| 490 | 1 | _aBreviarios del Pensamiento Español | |
| 700 | 1 |
_aMuñoz Cortés, Manuel. _984379 |
|
| 830 | 0 |
_aBreviarios del Pensamiento Español _9180739 |
|
| 852 |
_aES-MaACL _jG-4381 _bR.20630 |
||
| 999 |
_c112289 _d112289 |
||